000 00406nam a2200169Ia 4500
003 LK-CoDNM
005 20240213111453.0
008 010623t xxu||||| |||| 00| 1 sin d
040 _aLK-CoDNM
_dLK-CoDNM
_eLK-CoDNM
041 _asin
080 _a104
_bS 31
245 _aකඩයිම් පොත
246 _aKadaym potha
300 _b31p., 25 cm
650 _aPalm leaf manuscript
942 _cBK
999 _c137712
_d137712